zpět

Detail výsledku týmu

Questerland - Vinohrady, Praha

Datum a čas kvízu

33 Celkem bodů Celkový počet nahraných bodů na tomto kvízu bez doplňovacích otázek.
2. Pořadí na kvízu Konečné umístění týmu na tomto kvízu.

Zaznamenané odpovědi

# Otázka Odpověď Body Výsledky
1. „Pro ___. Ne pro ___." Doplňte... vás; politiky 1
2. Vskutku kuriózním způsobem vyp... D 1
3. Ve čtvrtek vyšel trailer na no... bude černobílá 0
4. Jedna automobilka představila... Ferrari 0
5. Fanoušek Manchesteru United, F... C) ostříhat si vlasy 1
6. Hned v úvodu bod rozdělíme: za... Ulánbátar; Altaj 1
7. Z následujících možností vyber... A 1
8. Jak se jmenuje hudební skupina... The Hu 1
9. Tato obydlí se v Mongolsku ozn... jurta 1
10. Jak se jmenuje česká spisovate... Petra Hůlová 1